[Event "23rd EUR-ch"]
[Site "Vrnjacka Banja SRB"]
[Date "2023.03.13"]
[Round "11.68"]
[White "Filip, Lucian-Ioan"]
[Black "Ahmadzada, Ahmad"]
[Result "1/2-1/2"]
[WhiteElo "2349"]
[BlackElo "2487"]
[EventDate "2023.03.03"]
[PlyCount "48"]

1.Nf3 Nf6 2.c4 g6 3.Nc3 Bg7 4.e4 d6 5.d4 O-O 6.Be2 Nbd7 7.O-O e5 8.Be3 Qe7
9.d5 a5 10.Nd2 Ne8 11.a3 f5 12.f3 Bf6 13.Kh1 Bg5 14.Bxg5 Qxg5 15.exf5 gxf5
16.f4 Qh6 17.g3 Ndf6 18.Qc1 e4 19.b4 Kh8 20.Nb3 Rg8 21.Qe3 a4 22.Nd4 Bd7 
23.b5 b6 24.Nd1 Ng4 1/2-1/2

[Event "23rd EUR-ch"]
[Site "Vrnjacka Banja SRB"]
[Date "2023.03.13"]
[Round "11.69"]
[White "Gokerkan, Cem Kaan"]
[Black "Piliposian, Robert"]
[Result "1/2-1/2"]
[WhiteElo "2486"]
[BlackElo "2314"]
[EventDate "2023.03.03"]
[PlyCount "49"]

1.e4 c5 2.c3 Nf6 3.e5 Nd5 4.Nf3 Nc6 5.d4 cxd4 6.Bc4 Nb6 7.Bb3 d5 8.exd6 
Qxd6 9.O-O Be6 10.Bxe6 Qxe6 11.Nxd4 Nxd4 12.Qxd4 Rd8 13.Qh4 Qe2 14.Be3 e6 
15.Nd2 Be7 16.Qg3 O-O 17.Rfe1 Qd3 18.Nf3 Bf6 19.h4 Nc4 20.Bxa7 Nxb2 21.Bd4
Bxd4 22.cxd4 Nc4 23.Rad1 Qf5 24.Ne5 Nxe5 25.dxe5 1/2-1/2

[Event "23rd EUR-ch"]
[Site "Vrnjacka Banja SRB"]
[Date "2023.03.13"]
[Round "11.70"]
[White "Sadikhov, Ulvi"]
[Black "Eren, Ataberk"]
[Result "0-1"]
[WhiteElo "2485"]
[BlackElo "2308"]
[EventDate "2023.03.03"]
[PlyCount "106"]

1.Nf3 d5 2.g3 g6 3.c4 dxc4 4.Bg2 Bg7 5.Na3 e5 6.Qc2 Nc6 7.Nxc4 Nge7 8.d3 
O-O 9.a3 Bg4 10.Ncd2 h6 11.O-O Qd7 12.Re1 Rad8 13.Qb1 a5 14.b3 Rfe8 15.Bb2
Nd5 16.e3 Kh7 17.Ne4 b6 18.Ned2 Nde7 19.Bf1 Qd5 20.e4 Qe6 21.Qc2 Rd7 22.
Rac1 Red8 23.Nh4 h5 24.Ng2 Bh3 25.Qc4 Bh6 26.Qxe6 Bxe6 27.f4 Bh3 28.Nf3 
Bxg2 29.Kxg2 exf4 30.d4 fxg3 31.Rc2 g5 32.d5 g4 33.Nh4 Na7 34.hxg3 Bg7 35.
Bxg7 Kxg7 36.Rf2 c6 37.Bc4 cxd5 38.exd5 Nac8 39.Nf5+ Nxf5 40.Rxf5 b5 41.
Bxb5 Rxd5 42.Ree5 Rxe5 43.Rxe5 Rd2+ 44.Re2 Rd4 45.Rb2 Nb6 46.Bc6 Rd3 47.
Bb5 Rc3 48.Be2 Kf6 49.b4 a4 50.Rd2 Ke5 51.Rd3 Rb3 52.Kf2 Nd5 53.Ke1 Nc3 
0-1

[Event "23rd EUR-ch"]
[Site "Vrnjacka Banja SRB"]
[Date "2023.03.13"]
[Round "11.71"]
[White "Goriachkina, Aleksandra"]
[Black "Mitsis, Georgios"]
[Result "1/2-1/2"]
[WhiteElo "2576"]
[BlackElo "2407"]
[EventDate "2023.03.03"]
[PlyCount "112"]

1.d4 Nf6 2.c4 e6 3.Nf3 h6 4.g3 d5 5.Bg2 Bd6 6.O-O O-O 7.Nc3 Nc6 8.b3 dxc4 
9.bxc4 e5 10.Rb1 Re8 11.dxe5 Nxe5 12.Nxe5 Bxe5 13.Qxd8 Rxd8 14.Nd5 Nxd5 
15.cxd5 Bd6 16.e4 f5 17.exf5 Bxf5 18.Rxb7 Rdb8 19.Rxb8+ Rxb8 20.Bf3 a5 21.
Re1 Rb1 22.Kg2 Ra1 23.h4 Rxa2 24.Bf4 Bxf4 25.gxf4 Kf8 26.Be4 Bxe4+ 27.Rxe4
Rc2 28.Re6 a4 29.Ra6 Rc4 30.Kf3 Rd4 31.Ke3 Rxd5 32.Rxa4 Rc5 33.Kd4 Rc2 34.
f3 Ke7 35.Ra6 c6 36.Ra7+ Kf6 37.Rc7 h5 38.Kd3 Rc1 39.Kd4 g6 40.Rc8 Rd1+ 
41.Ke4 Rd6 42.Rf8+ Ke7 43.Rg8 Re6+ 44.Kd4 Kd6 45.Rd8+ Ke7 46.Rg8 c5+ 47.
Kd5 Rf6 48.Ke5 Kf7 49.Rc8 Re6+ 50.Kd5 Re3 51.Rxc5 Kf6 52.Kd4 Rxf3 53.Ke4 
Rh3 54.Rc6+ Kg7 55.f5 Rxh4+ 56.Ke5 gxf5 1/2-1/2

[Event "23rd EUR-ch"]
[Site "Vrnjacka Banja SRB"]
[Date "2023.03.13"]
[Round "11.72"]
[White "Parligras, Mircea-Emilian"]
[Black "Han, Yichen"]
[Result "1/2-1/2"]
[WhiteElo "2554"]
[BlackElo "2405"]
[EventDate "2023.03.03"]
[PlyCount "43"]

1.d4 d5 2.c4 c6 3.Nc3 dxc4 4.e3 b5 5.a4 b4 6.Ne4 Qd5 7.Nd2 c3 8.bxc3 bxc3 
9.Nb1 Qa5 10.Qc2 Na6 11.Qxc3 Nb4 12.Bd2 e6 13.Nf3 Nf6 14.Ne5 Bb7 15.Be2 
Be7 16.O-O O-O 17.Bf3 Rab8 18.Qc1 Rfc8 19.Na3 c5 20.Bxb7 Rxb7 21.Nd3 Qd8 
22.Nxc5 1/2-1/2

[Event "23rd EUR-ch"]
[Site "Vrnjacka Banja SRB"]
[Date "2023.03.13"]
[Round "11.73"]
[White "Tutisani, Noe"]
[Black "Pultinevicius, Paulius"]
[Result "1/2-1/2"]
[WhiteElo "2411"]
[BlackElo "2546"]
[EventDate "2023.03.03"]
[PlyCount "109"]

1.e4 c6 2.d4 d5 3.e5 Bf5 4.g4 Bd7 5.Nc3 e6 6.Be3 h5 7.gxh5 c5 8.dxc5 Nc6 
9.Nf3 Rxh5 10.h4 Nxe5 11.Ng5 Rh6 12.Qe2 Nc6 13.Nb5 a6 14.Nd6+ Bxd6 15.cxd6
Qa5+ 16.Bd2 Qa4 17.b3 Qa3 18.Nf3 O-O-O 19.Bxh6 Nxh6 20.Bh3 Qxd6 21.Qd2 e5 
22.Bxd7+ Rxd7 23.O-O-O Nf5 24.c3 Kb8 25.Kb2 f6 26.h5 Qc5 27.Nh4 Nfe7 28.
Rhg1 d4 29.c4 e4 30.Qf4+ Ka7 31.Qxe4 Qxh5 32.Qg4 Qxg4 33.Rxg4 g5 34.Nf3 
Nf5 35.Re4 Rh7 36.Re6 Rh3 37.Ne1 Rh2 38.Rd2 Rh6 39.Nd3 Nh4 40.b4 Nf3 41.
Rd1 Nd8 42.Rd6 Nf7 43.Rd7 N7e5 44.Nxe5 fxe5 45.c5 Kb8 46.Rd3 e4 47.R3xd4 
Nxd4 48.Rxd4 Rf6 49.Rxe4 Rxf2+ 50.Kc3 Rf8 51.Rg4 Rg8 52.Kd4 Kc7 53.Kd5 
Rd8+ 54.Kc4 Rg8 55.Kd5 1/2-1/2

[Event "23rd EUR-ch"]
[Site "Vrnjacka Banja SRB"]
[Date "2023.03.13"]
[Round "11.74"]
[White "Petkov, Momchil"]
[Black "Pap, Misa"]
[Result "1/2-1/2"]
[WhiteElo "2526"]
[BlackElo "2403"]
[EventDate "2023.03.03"]
[PlyCount "29"]

1.d4 Nf6 2.c4 e6 3.Nc3 Bb4 4.e3 c5 5.a3 Bxc3+ 6.bxc3 b6 7.Bd3 Bb7 8.Nf3 
Ne4 9.O-O O-O 10.Ne1 f5 11.f3 Nf6 12.Ra2 Nc6 13.Raf2 Qc7 14.Nc2 Na5 15.a4 
1/2-1/2

[Event "23rd EUR-ch"]
[Site "Vrnjacka Banja SRB"]
[Date "2023.03.13"]
[Round "11.75"]
[White "Agdelen, Huseyin Can"]
[Black "Mastrovasilis, Athanasios"]
[Result "1/2-1/2"]
[WhiteElo "2411"]
[BlackElo "2518"]
[EventDate "2023.03.03"]
[PlyCount "95"]

1.e4 e5 2.Nf3 Nc6 3.Bc4 Nf6 4.d3 Be7 5.O-O O-O 6.Re1 d6 7.a4 Be6 8.Nbd2 h6
9.c3 a5 10.h3 Qd7 11.Bb5 Qc8 12.d4 exd4 13.Nxd4 Nxd4 14.cxd4 d5 15.e5 Nh7 
16.Nf1 f6 17.Bd3 Ng5 18.Bxg5 fxg5 19.Ng3 Rf4 20.Bc2 Kh8 21.Qd3 Qg8 22.Rad1
Raf8 23.Re2 c5 24.Qb5 cxd4 25.Qxa5 g4 26.hxg4 Rxg4 27.Qd2 d3 28.Qxd3 Bc5 
29.Nf1 Rg5 30.Nh2 Rf4 31.g3 b6 32.Kg2 Rd4 33.Qb5 Rb4 34.Qc6 Rxb2 35.Nf3 
Rg4 36.Bh7 Rxe2 37.Bxg8 Bxg8 38.Rf1 Rc4 39.e6 Rxe6 40.Qxd5 Re2 41.Qd3 Rcc2
42.Ne5 Rxf2+ 43.Rxf2 Rxf2+ 44.Kh3 Be6+ 45.g4 Ra2 46.Qd8+ Kh7 47.Qd3+ Kh8 
48.Qd8+ 1/2-1/2

[Event "23rd EUR-ch"]
[Site "Vrnjacka Banja SRB"]
[Date "2023.03.13"]
[Round "11.77"]
[White "Petrov, Martin"]
[Black "Antic, Dejan"]
[Result "1-0"]
[WhiteElo "2505"]
[BlackElo "2388"]
[EventDate "2023.03.03"]
[PlyCount "82"]

1.e4 e6 2.d4 d5 3.Nc3 Nf6 4.e5 Nfd7 5.f4 c5 6.Nf3 Nc6 7.Be3 cxd4 8.Nxd4 
Bc5 9.Qd2 a6 10.O-O-O Bxd4 11.Bxd4 b5 12.Qe3 O-O 13.Bd3 Nxd4 14.Qxd4 Qa5 
15.Kb1 b4 16.Ne4 Qb6 17.Qxb6 Nxb6 18.Nd6 Bd7 19.Rc1 Na4 20.c4 bxc3 21.b3 
Nc5 22.Be2 Ne4 23.Nxe4 dxe4 24.Rxc3 f6 25.Bc4 Kf7 26.Rd1 Ke7 27.Rg3 g6 28.
Rh3 Rf7 29.exf6+ Kxf6 30.Re3 Kf5 31.g3 Re7 32.Bf1 Bc6 33.Bh3+ Kf6 34.Bg2 
e5 35.Rd6+ Re6 36.fxe5+ Kxe5 37.Rxc6 Rxc6 38.Rxe4+ Kd6 39.Rf4 Rcc8 40.Bxa8
Rxa8 41.Rf7 Kd5 1-0

[Event "23rd EUR-ch"]
[Site "Vrnjacka Banja SRB"]
[Date "2023.03.13"]
[Round "11.78"]
[White "Peyrer, Konstantin"]
[Black "Valsecchi, Alessio"]
[Result "1/2-1/2"]
[WhiteElo "2395"]
[BlackElo "2505"]
[EventDate "2023.03.03"]
[PlyCount "37"]

1.c4 c5 2.Nf3 Nc6 3.d4 cxd4 4.Nxd4 e6 5.Nc3 Nf6 6.g3 d5 7.cxd5 exd5 8.Bg2 
Bc5 9.Nb3 Bb6 10.O-O d4 11.Na4 O-O 12.Bg5 h6 13.Bxf6 Qxf6 14.Rc1 Rd8 15.
Nac5 d3 16.Nxd3 Nb4 17.Qd2 Nxd3 18.exd3 Be6 19.Nc5 1/2-1/2

[Event "23rd EUR-ch"]
[Site "Vrnjacka Banja SRB"]
[Date "2023.03.13"]
[Round "11.79"]
[White "Arsovic, Zoran"]
[Black "Druska, Juraj"]
[Result "1/2-1/2"]
[WhiteElo "2390"]
[BlackElo "2505"]
[EventDate "2023.03.03"]
[PlyCount "96"]

1.Nf3 e6 2.g3 g5 3.h4 g4 4.Nh2 f5 5.Bg2 d5 6.c4 Nf6 7.O-O Bg7 8.d3 O-O 9.
cxd5 exd5 10.Bg5 h6 11.Bxf6 Bxf6 12.Qb3 c6 13.e4 Qb6 14.Nc3 Qxb3 15.axb3 
dxe4 16.dxe4 Na6 17.exf5 Bxf5 18.Ra5 Bd8 19.Re5 Bc7 20.Re7 Rfe8 21.Rfe1 
Kf8 22.Rxe8+ Rxe8 23.Rxe8+ Kxe8 24.Be4 Be6 25.Bg6+ Kf8 26.Bh5 Nc5 27.Nxg4 
Kg7 28.Ne3 Nxb3 29.Bg4 Bxg4 30.Nxg4 Nc5 31.Kf1 b5 32.Ke2 a5 33.Ne3 Kf6 34.
Nxb5 cxb5 35.Nd5+ Ke5 36.Nxc7 b4 37.Kd2 Ke4 38.Ke2 Na4 39.g4 Nxb2 40.g5 
hxg5 41.hxg5 Kf5 42.Nd5 Kxg5 43.Kd2 Na4 44.Kd3 Kf5 45.Nxb4 Nc5+ 46.Kc4 
axb4 47.Kxb4 Nd3+ 48.Kc4 Nxf2 1/2-1/2

[Event "23rd EUR-ch"]
[Site "Vrnjacka Banja SRB"]
[Date "2023.03.13"]
[Round "11.80"]
[White "Kovacevic, Aleksandar"]
[Black "Pasztor, Balazs"]
[Result "1/2-1/2"]
[WhiteElo "2489"]
[BlackElo "2387"]
[EventDate "2023.03.03"]
[PlyCount "37"]

1.d4 Nf6 2.c4 e6 3.Nf3 Bb4+ 4.Bd2 Qe7 5.e3 a5 6.Bd3 d6 7.a3 Bxd2+ 8.Nbxd2 
O-O 9.O-O Nbd7 10.e4 e5 11.Re1 Re8 12.b4 exd4 13.Nxd4 Ne5 14.Bf1 Nc6 15.
Nc2 axb4 16.axb4 Rxa1 17.Qxa1 Qe5 18.Qxe5 dxe5 19.Nb3 1/2-1/2

[Event "23rd EUR-ch"]
[Site "Vrnjacka Banja SRB"]
[Date "2023.03.13"]
[Round "11.81"]
[White "Gorodetzky, David"]
[Black "Bethke, Richard"]
[Result "1/2-1/2"]
[WhiteElo "2488"]
[BlackElo "2383"]
[EventDate "2023.03.03"]
[PlyCount "59"]

1.d4 Nf6 2.c4 e6 3.Nc3 Bb4 4.a3 Bxc3+ 5.bxc3 c5 6.f3 O-O 7.e4 d6 8.Bd3 Nc6
9.Ne2 Ne8 10.O-O b6 11.f4 e5 12.Be3 Ba6 13.Ng3 Na5 14.Qe2 cxd4 15.cxd4 
exd4 16.Bf2 Rc8 17.Nf5 g6 18.Nh6+ Kg7 19.Ng4 h5 20.Bxd4+ f6 21.Ne3 Nb3 22.
Bb2 Nxa1 23.Bxa1 d5 24.exd5 Nd6 25.Rf3 Qe8 26.Qf1 Kh7 27.g4 Nxc4 28.Nxc4 
Bxc4 29.Bxc4 hxg4 30.Rg3 1/2-1/2

[Event "23rd EUR-ch"]
[Site "Vrnjacka Banja SRB"]
[Date "2023.03.13"]
[Round "11.82"]
[White "Malcewska, Aleksandra"]
[Black "Samunenkov, Ihor"]
[Result "1/2-1/2"]
[WhiteElo "2388"]
[BlackElo "2488"]
[EventDate "2023.03.03"]
[PlyCount "71"]

1.e4 c6 2.d4 d5 3.exd5 cxd5 4.c4 Nf6 5.Nf3 g6 6.Nc3 Bg7 7.cxd5 Nxd5 8.Bb5+
Bd7 9.Qb3 Nxc3 10.Bxd7+ Qxd7 11.bxc3 Nc6 12.O-O O-O 13.a4 b6 14.Ba3 Rfc8 
15.Qb5 e6 16.Rfd1 Rd8 17.h3 Rac8 18.Rab1 Na5 19.Bb4 Nc4 20.Qa6 Rc6 21.Nd2 
Nd6 22.Bxd6 Rxd6 23.a5 bxa5 24.Qxa5 e5 25.Ne4 Rd5 26.Nc5 exd4 27.c4 Rf5 
28.g4 Rg5 29.Nxd7 Rxa5 30.Rb7 h6 31.c5 Rc8 32.Rd3 Ra6 33.Kg2 g5 34.Rf3 
Rac6 35.Rxa7 R6c7 36.Rxc7 1/2-1/2

[Event "23rd EUR-ch"]
[Site "Vrnjacka Banja SRB"]
[Date "2023.03.13"]
[Round "11.83"]
[White "Injac, Teodora"]
[Black "Zanan, Evgeny"]
[Result "0-1"]
[WhiteElo "2383"]
[BlackElo "2485"]
[EventDate "2023.03.03"]
[PlyCount "54"]

1.d4 Nf6 2.c4 e6 3.Nf3 d5 4.g3 Be7 5.Bg2 O-O 6.O-O dxc4 7.Qc2 b5 8.a4 b4 
9.Nfd2 Nd5 10.Nxc4 c5 11.dxc5 Ba6 12.Rd1 Nd7 13.Ne3 Rc8 14.Nxd5 exd5 15.c6
Nf6 16.e4 d4 17.Bf4 d3 18.Qc1 Qd4 19.Qe3 Bc5 20.Qxd4 Bxd4 21.h3 Rxc6 22.e5
Rc2 23.exf6 Rxf2 24.Kh1 Re8 25.Rd2 Re1+ 26.Kh2 Rxf4 27.gxf4 Be3 0-1

[Event "23rd EUR-ch"]
[Site "Vrnjacka Banja SRB"]
[Date "2023.03.13"]
[Round "11.84"]
[White "Stremavicius, Pijus"]
[Black "Castellanos Rodriguez, Renier"]
[Result "0-1"]
[WhiteElo "2383"]
[BlackElo "2484"]
[EventDate "2023.03.03"]
[PlyCount "68"]

1.d4 Nf6 2.c4 g6 3.Nc3 Bg7 4.e4 d6 5.Be2 O-O 6.Be3 Na6 7.h4 h5 8.Qd2 c5 9.
d5 Nc7 10.Nh3 Bxh3 11.Rxh3 e6 12.f3 exd5 13.cxd5 Re8 14.Kf2 b5 15.Qc2 a6 
16.Bg5 b4 17.Nd1 Nb5 18.Ne3 Nd4 19.Qd3 Qc7 20.Bxf6 Bxf6 21.Nc4 a5 22.Rg1 
Qe7 23.g3 a4 24.Kf1 a3 25.b3 Kg7 26.g4 Rh8 27.f4 hxg4 28.Rxg4 Rae8 29.Re3 
Rxh4 30.Rxh4 Bxh4 31.Bg4 Qf6 32.f5 gxf5 33.exf5 Rxe3 34.Qxe3 Nxf5 0-1

[Event "23rd EUR-ch"]
[Site "Vrnjacka Banja SRB"]
[Date "2023.03.13"]
[Round "11.85"]
[White "Barseghian, Armen Ar."]
[Black "Babazada, Khazar"]
[Result "1/2-1/2"]
[WhiteElo "2382"]
[BlackElo "2481"]
[EventDate "2023.03.03"]
[PlyCount "67"]

1.d4 d5 2.Nf3 e6 3.c4 a6 4.cxd5 exd5 5.Nc3 c6 6.Qb3 Nf6 7.Bg5 Be7 8.e3 
Nbd7 9.Bd3 O-O 10.Qc2 Re8 11.O-O Nf8 12.Bxf6 Bxf6 13.b4 g6 14.Na4 Be7 15.
Rab1 Bd6 16.Rfc1 Bg4 17.Nd2 Qh4 18.Nf1 Re7 19.Nc5 h5 20.a4 Qf6 21.b5 axb5 
22.axb5 h4 23.h3 Bc8 24.Na4 Rc7 25.Nb6 Ra3 26.Nxc8 Rxc8 27.bxc6 bxc6 28.
Rb3 Rxb3 29.Qxb3 Ne6 30.Be2 Rb8 31.Qa2 Rb6 32.Bg4 Nc7 33.Qa4 Na6 34.Be2 
1/2-1/2

[Event "23rd EUR-ch"]
[Site "Vrnjacka Banja SRB"]
[Date "2023.03.13"]
[Round "11.86"]
[White "Leisch, Lukas"]
[Black "Kosakowski, Jakub"]
[Result "1/2-1/2"]
[WhiteElo "2378"]
[BlackElo "2476"]
[EventDate "2023.03.03"]
[PlyCount "38"]

1.c4 g6 2.g3 Bg7 3.Bg2 e5 4.Nc3 Ne7 5.d3 c6 6.e4 d6 7.Nge2 a6 8.Be3 b5 9.
cxb5 axb5 10.a3 O-O 11.d4 Nd7 12.d5 b4 13.axb4 Rxa1 14.Qxa1 cxd5 15.Nxd5 
Nxd5 16.exd5 f5 17.O-O g5 18.f3 f4 19.Ba7 Bb7 1/2-1/2

[Event "23rd EUR-ch"]
[Site "Vrnjacka Banja SRB"]
[Date "2023.03.13"]
[Round "11.87"]
[White "Sokolovsky, Yahli"]
[Black "Nemec, Jachym"]
[Result "1-0"]
[WhiteElo "2476"]
[BlackElo "2371"]
[EventDate "2023.03.03"]
[PlyCount "81"]

1.e4 c6 2.d4 d5 3.Nd2 dxe4 4.Nxe4 Bf5 5.Ng3 Bg6 6.h4 h6 7.Nf3 e6 8.Ne5 Bh7
9.Bd3 Bxd3 10.Qxd3 Nd7 11.Qe2 Ngf6 12.Bd2 c5 13.dxc5 Bxc5 14.Nxd7 Qxd7 15.
O-O-O Qa4 16.Bc3 O-O 17.Bxf6 Qf4+ 18.Rd2 Qxf6 19.Ne4 Qe7 20.Qb5 b6 21.Rd7 
Qe8 22.Nxc5 bxc5 23.Rhd1 Rc8 24.a4 e5 25.Qc4 e4 26.Rxa7 Qe5 27.Rb7 Rb8 28.
Rdd7 Rxb7 29.Rxb7 Qh2 30.Rd7 Qxg2 31.Qxc5 f5 32.a5 f4 33.Rd1 e3 34.fxe3 f3
35.Qd5+ Kh8 36.a6 Rc8 37.Qe4 Qe2 38.Qd3 Qg2 39.Qf5 Ra8 40.Qe4 Rc8 41.a7 
1-0

[Event "23rd EUR-ch"]
[Site "Vrnjacka Banja SRB"]
[Date "2023.03.13"]
[Round "11.88"]
[White "Briakin, Mikhail"]
[Black "Aizenberg, Benny"]
[Result "1/2-1/2"]
[WhiteElo "2474"]
[BlackElo "2367"]
[EventDate "2023.03.03"]
[PlyCount "98"]

1.d4 f5 2.Nc3 Nf6 3.Bg5 d5 4.Bxf6 exf6 5.e3 Be6 6.Nge2 c6 7.Nf4 Bf7 8.Bd3 
g6 9.h4 h5 10.Qf3 Nd7 11.g3 Nb6 12.O-O-O Nc8 13.Qg2 Nd6 14.f3 Qa5 15.e4 
fxe4 16.fxe4 g5 17.hxg5 fxg5 18.e5 gxf4 19.exd6 O-O-O 20.Qh3+ Kb8 21.Qf5 
Bg8 22.Qe5 Rh6 23.Qxf4 Rhxd6 24.Rxh5 Qc7 25.Kb1 Bg7 26.g4 Qe7 27.a3 Ka8 
28.Bf5 c5 29.Rhh1 Rc6 30.Rhe1 Qf7 31.Ne2 a6 32.c3 c4 33.Qf3 Rb6 34.Nf4 Bf8
35.Ka2 Qc7 36.Ne6 Bxe6 37.Rxe6 Bxa3 38.bxa3 Rxe6 39.Bxe6 Qb6 40.Rb1 Qxe6 
41.Qf4 Qe7 42.Qf5 Rf8 43.Qe5 Qd7 44.Qe2 Rg8 45.Rg1 Rg6 46.g5 Qf5 47.Qg2 
Qd3 48.Rb1 Qf5 49.Rg1 Qd3 1/2-1/2

[Event "23rd EUR-ch"]
[Site "Vrnjacka Banja SRB"]
[Date "2023.03.13"]
[Round "11.89"]
[White "Hnydiuk, Aleksander"]
[Black "Janzelj, Tim"]
[Result "0-1"]
[WhiteElo "2364"]
[BlackElo "2472"]
[EventDate "2023.03.03"]
[PlyCount "66"]

1.e4 c6 2.d4 d5 3.e5 Bf5 4.Nf3 e6 5.Be2 c5 6.Be3 Qb6 7.Nc3 Nc6 8.dxc5 Bxc5
9.Bxc5 Qxc5 10.Nb5 Kf8 11.Nbd4 Nge7 12.O-O Bg4 13.Re1 Nf5 14.Nb3 Qb6 15.c3
Bxf3 16.Bxf3 g6 17.Bg4 h5 18.Bxf5 gxf5 19.Qd2 h4 20.Rad1 Rc8 21.Qg5 Qd8 
22.Qf4 Ne7 23.c4 Ng6 24.Qd4 Qg5 25.Qd2 Nf4 26.g3 Rxc4 27.Na5 Nh3+ 28.Kg2 
Rf4 29.Rf1 Qh5 30.f3 hxg3 31.hxg3 Ng1 32.Kxg1 Qh1+ 33.Kf2 Qxf3+ 0-1

[Event "23rd EUR-ch"]
[Site "Vrnjacka Banja SRB"]
[Date "2023.03.13"]
[Round "11.90"]
[White "Saraci, Nderim"]
[Black "Costa, Leonardo"]
[Result "1/2-1/2"]
[WhiteElo "2469"]
[BlackElo "2364"]
[EventDate "2023.03.03"]
[PlyCount "87"]

1.Nf3 Nf6 2.g3 d5 3.Bg2 e6 4.O-O Be7 5.d4 b5 6.Nbd2 O-O 7.Nb3 a5 8.a4 b4 
9.Ne5 Bb7 10.c4 bxc3 11.Qc2 cxb2 12.Bxb2 Nfd7 13.Nd3 Nc6 14.Rfc1 Bd6 15.e4
dxe4 16.Bxe4 Nxd4 17.Bxh7+ Kxh7 18.Nxd4 Kg8 19.Nc6 Qg5 20.h4 Qd5 21.Qc4 
Qf3 22.Ne1 Qf5 23.Qd4 Qh7 24.Ba3 Ra6 25.Bxd6 cxd6 26.Qxd6 Rxc6 27.Qxd7 
Rxc1 28.Rxc1 Qe4 29.Kf1 Ba6+ 30.Kg1 Bb7 31.Kf1 Qh1+ 32.Ke2 Ba6+ 33.Ke3 Bb7
34.Ke2 Bd5 35.Rc8 Qe4+ 36.Kd2 Qb4+ 37.Rc3 Qb2+ 38.Rc2 Qb4+ 39.Rc3 Bb7 40.
Nd3 Qb6 41.Qb5 Qxb5 42.axb5 Rb8 43.Ra3 Bd5 44.Rxa5 1/2-1/2

[Event "23rd EUR-ch"]
[Site "Vrnjacka Banja SRB"]
[Date "2023.03.13"]
[Round "11.91"]
[White "Carbonell Sancho, Marc"]
[Black "Bronstein, Or"]
[Result "0-1"]
[WhiteElo "2364"]
[BlackElo "2465"]
[EventDate "2023.03.03"]
[PlyCount "87"]

1.Nf3 d5 2.g3 Nc6 3.Bg2 e5 4.d3 Nf6 5.O-O h6 6.c4 dxc4 7.Qa4 Bd6 8.Qxc4 
O-O 9.Nc3 Re8 10.h3 Be6 11.Qa4 Bd7 12.Re1 Nd4 13.Qd1 c5 14.Nd2 Rb8 15.a4 
Qc8 16.Nc4 Bf8 17.Kh2 Bc6 18.e4 b6 19.Be3 Qb7 20.Bxd4 cxd4 21.Nb5 Rbd8 22.
Qb3 a6 23.Nba3 Nd7 24.Qc2 Bb4 25.Rf1 b5 26.axb5 axb5 27.Nd2 Rc8 28.Qd1 Nc5
29.Nb3 Na4 30.Qe2 Bd7 31.Rfb1 Be6 32.Nc1 Bd6 33.Qd1 Nc5 34.Bf3 Rf8 35.Qe2 
g6 36.Nc2 Na6 37.Na2 Qe7 38.Qd2 Qg5 39.Qe2 Rc7 40.h4 Qf6 41.Ne1 Rfc8 42.
Rc1 h5 43.Kg2 Bf8 44.Kg1 0-1

[Event "23rd EUR-ch"]
[Site "Vrnjacka Banja SRB"]
[Date "2023.03.13"]
[Round "11.93"]
[White "Roebers, Eline"]
[Black "Rozen, Eytan"]
[Result "1/2-1/2"]
[WhiteElo "2362"]
[BlackElo "2458"]
[EventDate "2023.03.03"]
[PlyCount "31"]

1.e4 c5 2.Nf3 Nc6 3.d4 cxd4 4.Nxd4 g6 5.c4 Bg7 6.Be3 Qb6 7.Nb3 Qd8 8.Qd2 
d6 9.Nc3 Nf6 10.f3 O-O 11.Be2 a5 12.O-O a4 13.Nd4 Qa5 14.Rfd1 Nxd4 15.Bxd4
Be6 16.Rac1 1/2-1/2

[Event "23rd EUR-ch"]
[Site "Vrnjacka Banja SRB"]
[Date "2023.03.13"]
[Round "11.94"]
[White "Damjanovic, Vuk"]
[Black "Nevednichy, Vladislav"]
[Result "1-0"]
[WhiteElo "2361"]
[BlackElo "2457"]
[EventDate "2023.03.03"]
[PlyCount "27"]

1.b3 e5 2.Bb2 Nc6 3.e3 g6 4.d4 exd4 5.Nf3 Bb4+ 6.c3 dxc3 7.Nxc3 Nf6 8.a3 
Be7 9.Nd5 O-O 10.Nxe7+ Qxe7 11.Qc2 Ne4 12.O-O-O d6 13.h4 Bf5 14.h5 1-0

[Event "23rd EUR-ch"]
[Site "Vrnjacka Banja SRB"]
[Date "2023.03.13"]
[Round "11.95"]
[White "Danov, Liubomir"]
[Black "Erdogmus, Yagiz Kaan"]
[Result "0-1"]
[WhiteElo "2349"]
[BlackElo "2445"]
[EventDate "2023.03.03"]
[PlyCount "36"]

1.e4 c5 2.Nc3 e6 3.g3 d5 4.exd5 exd5 5.Bg2 Nf6 6.Nge2 Nc6 7.O-O d4 8.Ne4 
Be7 9.Nxf6+ Bxf6 10.Nf4 O-O 11.d3 g6 12.Nd5 Bg7 13.Bf4 Bf5 14.g4 Bd7 15.
Re1 Re8 16.Qd2 b6 17.a3 f5 18.gxf5 Bxf5 0-1

[Event "23rd EUR-ch"]
[Site "Vrnjacka Banja SRB"]
[Date "2023.03.13"]
[Round "11.96"]
[White "Milosevic, Milos"]
[Black "Wadsworth, Matthew"]
[Result "1-0"]
[WhiteElo "2347"]
[BlackElo "2439"]
[EventDate "2023.03.03"]
[PlyCount "49"]

1.e4 c5 2.Nf3 e6 3.d4 cxd4 4.Nxd4 Nc6 5.Nc3 Qc7 6.Be3 a6 7.g4 b5 8.Nxc6 
Qxc6 9.Qd2 b4 10.Ne2 Qxe4 11.Rg1 Qc4 12.Nd4 Qc7 13.O-O-O Nf6 14.Bg2 Bb7 
15.Bf4 d6 16.Bxb7 Qxb7 17.Rge1 O-O-O 18.Qd3 Kb8 19.Nb3 Nd5 20.Bg3 h5 21.f4
Qb5 22.Qxb5+ axb5 23.f5 Nc7 24.fxe6 fxe6 25.Nc5 1-0

[Event "23rd EUR-ch"]
[Site "Vrnjacka Banja SRB"]
[Date "2023.03.13"]
[Round "11.97"]
[White "Gombocz, Ferenc jr"]
[Black "Bulmaga, Irina"]
[Result "0-1"]
[WhiteElo "2311"]
[BlackElo "2438"]
[EventDate "2023.03.03"]
[PlyCount "112"]

1.d4 Nf6 2.Nf3 e6 3.Bf4 b6 4.e3 Bb7 5.Bd3 g6 6.Nbd2 Bg7 7.O-O O-O 8.c4 d6 
9.Qc2 Nbd7 10.Bg3 Qe7 11.Rfd1 c5 12.Rac1 Rac8 13.dxc5 Nxc5 14.Be2 Nfe4 15.
Nxe4 Nxe4 16.Nd2 Nxg3 17.hxg3 d5 18.Qb1 d4 19.exd4 Bxd4 20.Nf3 Bg7 21.b4 
e5 22.Nh2 h5 23.c5 Bh6 24.Rc3 e4 25.Nf1 Rc7 26.Qb3 Rfc8 27.Rb1 Bg7 28.Rc2 
Bd4 29.Ne3 bxc5 30.b5 c4 31.Rxc4 Bxe3 32.fxe3 Qe5 33.Rxc7 Rxc7 34.Bc4 Qc5 
35.b6 axb6 36.Be2 b5 37.Qxb5 Qxe3+ 38.Kh2 Kh7 39.Rf1 Qd4 40.Rd1 Qf2 41.Rf1
Qd4 42.Rd1 Qf6 43.Rf1 Qe7 44.Bc4 Bc6 45.Qb3 Be8 46.Bd5 h4 47.gxh4 e3 48.g3
Qe5 49.Re1 Rc3 50.Qb7 Rc2+ 51.Bg2 Qc3 52.Rf1 e2 53.Rxf7+ Bxf7 54.Qxf7+ Qg7
55.Qe6 Qb7 56.Bxb7 e1=Q+ 0-1

[Event "23rd EUR-ch"]
[Site "Vrnjacka Banja SRB"]
[Date "2023.03.13"]
[Round "11.98"]
[White "Alonso Garcia, Aaron"]
[Black "Gunduz, Umut Erdem"]
[Result "1/2-1/2"]
[WhiteElo "2437"]
[BlackElo "2286"]
[EventDate "2023.03.03"]
[PlyCount "57"]

1.e4 e6 2.d4 d5 3.Nc3 Nf6 4.Bg5 Be7 5.e5 Nfd7 6.h4 h6 7.Bxe7 Qxe7 8.f4 a6 
9.Nf3 c5 10.Qd2 Nc6 11.h5 cxd4 12.Nxd4 Nc5 13.a3 Bd7 14.Rh3 Rc8 15.Nxc6 
Bxc6 16.O-O-O O-O 17.Kb1 b5 18.Qd4 Rb8 19.b4 Nd7 20.Bd3 f6 21.exf6 Qxf6 
22.Be2 e5 23.fxe5 Nxe5 24.Rh4 Nc4 25.Ka2 Rbe8 26.Rg1 Qf2 27.Rg4 Ne5 28.Rg3
Re7 29.Re3 1/2-1/2

[Event "23rd EUR-ch"]
[Site "Vrnjacka Banja SRB"]
[Date "2023.03.13"]
[Round "11.99"]
[White "Badelka, Olga"]
[Black "Levitan, Tal"]
[Result "0-1"]
[WhiteElo "2428"]
[BlackElo "2276"]
[EventDate "2023.03.03"]
[PlyCount "101"]

1.d4 d5 2.c4 e6 3.Nc3 Be7 4.cxd5 exd5 5.Bf4 Nf6 6.e3 O-O 7.Bd3 c5 8.dxc5 
Nc6 9.Nge2 Bxc5 10.O-O d4 11.Na4 Bd6 12.Rc1 Bxf4 13.exf4 Qd6 14.Qd2 b6 15.
Ng3 Qb4 16.Qc2 Bd7 17.Ne4 Nxe4 18.Bxe4 Rac8 19.b3 Ne7 20.Qe2 Bxa4 21.bxa4 
Qd6 22.g3 Rc5 23.Qd3 g6 24.Rfd1 Rd8 25.Rc4 Rxc4 26.Qxc4 Qc5 27.Qa6 Nd5 28.
Bf3 Nc3 29.Rd3 Rd7 30.Rd2 Kg7 31.h4 h5 32.Kg2 Qb4 33.Qc8 Rd6 34.f5 Qc5 35.
Qb8 gxf5 36.Rd3 f4 37.Bxh5 Rf6 38.g4 f3+ 39.Kh2 Qc4 40.g5 Rf5 41.Rxf3 Qd5 
42.Rxf5 Qxf5 43.Kg2 Nd5 44.Bd1 Nf4+ 45.Kf3 Nd3+ 46.Ke2 Nxf2 47.Bb3 d3+ 48.
Kd2 Qa5+ 49.Ke3 Qe1+ 50.Kf4 d2 51.h5 0-1

[Event "23rd EUR-ch"]
[Site "Vrnjacka Banja SRB"]
[Date "2023.03.13"]
[Round "11.100"]
[White "Danielian, Vahe"]
[Black "Baum, Jonasz"]
[Result "1-0"]
[WhiteElo "2307"]
[BlackElo "2426"]
[EventDate "2023.03.03"]
[PlyCount "53"]

1.e4 c5 2.Nf3 d6 3.d4 cxd4 4.Nxd4 Nf6 5.Nc3 a6 6.Nb3 e6 7.g4 b5 8.g5 b4 9.
gxf6 bxc3 10.bxc3 Qxf6 11.Qd4 Be7 12.Qxf6 Bxf6 13.Bb2 Bb7 14.Bg2 a5 15.Rd1
a4 16.Nd4 a3 17.Bc1 O-O 18.O-O Ra4 19.Rfe1 Ba6 20.Bf1 Rc8 21.Nb5 d5 22.
exd5 exd5 23.Bh3 Rd8 24.Rxd5 Bxb5 25.Rxb5 Bxc3 26.Re3 Bb2 27.Rd3 1-0